Fire doors (Record no. 84203)

MARC details
000 -LEADER
fixed length control field 00606cab a22001935a 4500
001 - CONTROL NUMBER
control field L156935
008 - FIXED-LENGTH DATA ELEMENTS--GENERAL INFORMATION
fixed length control field 120731s2012 xxk f s 000 0 eng d
035 ## - SYSTEM CONTROL NUMBER
System control number (Sirsi) u156935
041 0# - LANGUAGE CODE
Language code of text/sound track or separate title eng
110 2# - MAIN ENTRY--CORPORATE NAME
Corporate name or jurisdiction name as entry element Fireco Ltd
9 (RLIN) 6100
245 00 - TITLE STATEMENT
Title Fire doors
Remainder of title a shorter guide to long-term safety
260 ## - PUBLICATION, DISTRIBUTION, ETC.
Date of publication, distribution, etc. 2012
490 #0 - SERIES STATEMENT
Series statement Building Engineer
Volume/sequential designation 87(8) August 2012, 14-15(2)
520 ## - SUMMARY, ETC.
Summary, etc. Risk managers must update their knowledge of fire doors maintenance and fire door closers for compliant best practice.
590 ## - LOCAL NOTE (RLIN)
Local note KA
651 #4 - SUBJECT ADDED ENTRY--GEOGRAPHIC NAME
Geographic name United Kingdom
Chronological subdivision
690 ## - LOCAL SUBJECT ADDED ENTRY--TOPICAL TERM (OCLC, RLIN)
Topical term or geographic name as entry element Health and safety
9 (RLIN) 6244
942 ## - ADDED ENTRY ELEMENTS (KOHA)
Suppress in OPAC 0
Holdings
Withdrawn status Lost status Source of classification or shelving scheme Damaged status Not for loan Home library Current library Shelving location Date acquired Total Checkouts Full call number Barcode Date last seen Copy number Price effective from Koha item type
    Dewey Decimal Classification     London London Journal article 31/07/2012   L156935 156935-1001 06/08/2019 1 06/08/2019 Journal article